| 000 | 01607nam a2200325 a 4500 | ||
|---|---|---|---|
| 999 |
_c391731 _d391731 |
||
| 003 | BLK | ||
| 005 | 20250221140504.0 | ||
| 008 | 201124b bu |||||r|||| 00| | bu d | ||
| 020 | _a9786192460297 | ||
| 040 | _aBLK | ||
| 041 |
_aBUL _cBUL |
||
| 080 |
_aМатематика - учебници за основни училища _b373.3.016:51 _z373.3.016:51 |
||
| 100 |
_91299 _aАмсън-Брадшоу, Джорджия _eпърви автор |
||
| 139 |
_aАмсън-Брадшоу, Джорджия _bА 63 |
||
| 245 |
_aСпоред тази книга ти си гений математик _bекспериментирай, използвай въображението си, създавай : страници, които да запълниш със своите идеи _cДжорджия Амсън-Брадшоу ; ил. Хариет Ръсъл ; прев. от англ. Иван Найденов |
||
| 257 | _aGBR | ||
| 260 |
_9402164 _aСофия _bРобертино _c2020 _fСофия : Алианс принт |
||
| 300 |
_c25 см _a96 с. _bс цв. ил. |
||
| 380 | _aDN | ||
| 500 | _aОриг. загл.: This book thinks you're a maths genius / Georgia Amson-Bradshaw | ||
| 653 | 7 |
_9186804 _aзанимателна математика |
|
| 700 |
_91637 _aРъсъл, Хариет _eхудож. |
||
| 700 |
_91021 _aНайденов, Иван _eпрев. от англ. |
||
| 852 |
_aЦб 305746 _bЦб |
||
| 852 |
_bД _c373.3.016:51/А 63 Д |
||
| 942 |
_cKNG _n0 _s1 _06 |
||
| 944 |
_aCR _k30551 _lБояна Костадинова |
||
| 999 | _d391731 | ||
| 999 | _d391731 | ||